Statistics for Extreme Harry Potter Quiz

Click here to take the quiz!

General Stats

  • This quiz has been taken 189 times
    (179 since last reset)
  • The average score is 93 of 150

Answer Stats

HintAnswer% Correct
Hufflepuff
92%
What are the 4 Hogwarts Houses?Gryffindor
91%
Ravenclaw
91%
Slytherin
91%
What is Harry's owl's name?Hedwig
89%
Fred
84%
Ginny
84%
Molly
84%
Percy
84%
Who originally owned Scabbers?Percy Weasley
84%
Ron
84%
Bill
83%
What do Hermione's parents do for a living?Dentists
83%
George
83%
Name the WeasleysArthur
82%
Charlie
82%
What are non-magical people called?Muggles
82%
Name the balls in quidditchSnitch
82%
What brooms has Harry owned?Nimbus 2000
80%
Sir Nicholas de Mimsy-Porpington
79%
Beater
78%
Name the player positions in a quidditch teamSeeker
78%
Cedric Diggory
77%
Firebolt
77%
Fleur Delacour
77%
Name the HorcruxesHarry
77%
Besides Harry, who were the Triwizard Champions?Viktor Krum
77%
At what age do underage witches and wizard's lose the trace?17
76%
What form does Snape's patronus take?Doe
76%
Keeper
76%
Who wears raddish earrings?Luna Lovegood
76%
What did Hagrid name his baby dragon?Norbert
76%
What is Hermione's cat's name?Crookshanks
75%
Nagini
75%
Potions
75%
Quaffle
75%
Chessboard
74%
What are Voldemort's followers called?Death Eaters
74%
Moony
74%
Who were the authors of the Marauders Map? (nicknames)Padfoot
74%
Peter Pettigrew
74%
Sirius Black
74%
Tom Riddle's Diary
74%
What was the name of Neville's pet toad?Trevor
74%
Where was Sirius imprisoned?Azkaban
73%
Bludger
73%
Chaser
73%
Who did Harry take to the Yule Ball?Parvati Patil
73%
Wormtail
73%
Where can one find the basilisk?Chamber of Secrets
72%
Name the HallowsElder Wand
72%
Name the coins in wizarding currency.Galleon
72%
Knut
72%
What is the name of Filch's cat?Mrs Norris
72%
Professor Snape
72%
Who is the editor of the Quibbler?Xenophillius Lovegood
72%
Bloody Baron
71%
Who taught Defense Against the Dark Arts in Harry's 2nd year?Gilderoy Lockhart
71%
What was Rowena Ravenclaw's daughter named?Helena
71%
Ravenclaw's Diadem
71%
Name the spells/items protecting the Philosopher's StoneFluffy
70%
Hufflepuff's Cup
70%
Name the 4 unregistered animagi named in the books (full names)James Potter
70%
What is Uncle Vernon's sister's name?Marge
70%
Prongs
70%
Resurrection Stone
70%
Slytherin's Locket
70%
What are dark wizard catchers called?Aurors
69%
What plant does Dobby steal to help Harry breathe under water?Gillyweed
69%
Who are the 4 house ghosts?Grey Lady
69%
What must you say to clear the Marauders Map?Mischief Managed
69%
Who died the first time the Chamber of Secrets was opened?Moaning Myrtle
69%
Professor Dumbledore
69%
What is the name for non-magical people born to wizarding families?Squib
69%
Devil's Snare
68%
Invisibility Cloak
68%
Rita Skeeter
68%
What is the name of the wizarding newspaper Rita Skeeter writes for?Daily Prophet
67%
Gaunt's Ring
67%
Flying Keys
66%
What types of dragons were used in the Triwizard Tournament?Hungarian Horntail
66%
Who was involved in protecting the Philosopher's Stone?Hagrid
65%
Professor McGonagall
65%
Defense Against the Dark Arts
64%
What was the first task in the Triwizard Tournament?Dragons
64%
Fat Friar
64%
What did Prof. Trelawney see in Harry's tea leaves?Grim
64%
Hogs Head
64%
What is another name for Felix Felicis?Liquid Luck
64%
Sickle
64%
Transfiguration
64%
What 5 subjects are required to become an Auror?Charms
61%
Who wrote A History of Magic?Bathilda Bagshot
60%
Chinese Fireball
60%
Professor Flitwick
60%
When is Harry's Birthday?31 July
59%
What does Voldemort think the most magical number is?7
59%
Professor Sprout
59%
Name the 2 pubs in HosgmeadeThree Broomsticks
58%
What is the spell that lifts a person up by their feet?Levicorpus
57%
Professor Quirrell
57%
What does Dumbledore bequeath to Ron?Deluminator
56%
Who finds Mundungus Fletcher when Harry is searching for horcruxes?Kreacher
56%
Where was the headquarters of the Order of the Pheonix?12 Grimmauld Place
55%
Where does Harry go to get his school supplies?Diagon Alley
55%
Dobby
55%
How do you get into the kitchens at Hogwarts?tickle the pear in the painting in the basement corridor
55%
What is the name of the wizarding hospital?St Mungo's Hospital for Magical Maladies and Injuries
54%
What was Voldemort's mother's name?Merope Gaunt
53%
What is the spell needed to get rid of a boggart?Riddikulus
52%
What are the 3 pass marks for O.W.Ls and N.E.W.Ts?Outstanding
51%
Swedish Short Snout
51%
What were Snape's parents' names?Eileen Prince
50%
What is an acromantula?giant spider
50%
What did Snape try and teach Harry in extra lessons?Occlumency
50%
Welsh Green
50%
What creatures prevented Harry from saving Ron and Gabrielle in the lake?Mermen/Mermaids
49%
Mirror of Erised
49%
What potion is a powerful truth serum?Veritaserum
49%
Herbology
48%
What was written on Dobby's tombstone?Here lies Dobby. A free elf.
48%
Tobias Snape
48%
What is the first ingredient in the potion Wormtail brews to give Voldemort a body?Bone of the father
47%
Exceeds Expectations
43%
What potion does Snape make for Lupin during Harry's third year?Wolfsbane Potion
43%
What plant nearly kills Harry and Ron?Whomping Willow
41%
What will save you from most poisons?A bezoar
40%
What word was spelled out on mariette Edgecombe's face when she betrayed Dumbledore's Army?SNEAK
40%
Acceptable
39%
Troll
39%
What is the name of the famous seer Professor Trelawney is related to?Cassandra
38%
Who does Hermione become when they break into the Ministry of Magic?Mafalda Hopkirk
38%
Where can you buy flesheating slugs?Knockturn Alley
36%
Where did Dudley go to secondary school?Smeltings
36%
On what days did Harry have Astrology in his first year?Wednesday
36%
What colour was Dumbledore's hair when he was younger?Auburn
32%
What spell does Professor McGonagall use to make the suits of armour protect Hogwarts?Piertotum Locomotor
32%
What ingredients are needed for a polyjuice potion?lacewing flies
25%
What animal does Hagrid create?Blast-Ended Skrewts
24%
What is the study of wands called?Wandlore
24%
`What was the unexpected task in the Triwizard Tournament?Yule Ball
24%
boomslang skin
22%
What does Professor Trelawney hide in the Room of Requirement?Sherry bottles
17%
bicorn horn
12%
fluxweed
12%
Where can you find the recipe for polyjuice potion?Most Potente Potions
12%
knotgrass
11%
leeches
10%
piece of person you're turning into
4%

Score Distribution

Percentile by Number Answered

Percent of People with Each Score

Your Score History

You have not taken this quiz since the last reset